Teoretické vymedzenie konceptu cirkulárnej ekonomiky

Enregistré dans:
Détails bibliographiques
Auteur principal: Kližanová, Silvia, 2001-
Format: Chapitre de livre
Langue:slovaque
Tags: Ajouter un tag
Pas de tags, Soyez le premier à ajouter un tag!

MARC

LEADER 00000naa$a2200000$$$4500
001 0314437
005 20260123094453.3
041 0 |a slo 
044 |a SK 
245 1 0 |a Teoretické vymedzenie konceptu cirkulárnej ekonomiky  |c Silvia Kližanová 
100 1 |a Kližanová, Silvia, 2001-